000 00306nam a22001457a 4500
008 180919b xxu||||| |||| 00| 0 eng d
020 _a9781412987646
041 _aeng
080 _a37
082 _a37
100 _a25
101 _aEDU
245 _aDiversity in Schools
_cBrown,F
942 _2udc
_cBK
999 _c47987
_d47987